Medzinárodné zdanenie príjmov zo závislej činnosti

Určenie daňovej rezidencie. Zdaňovanie príjmov zo závislej činnosti. Určenie práva zdanenia príjmov zo závislej činnosti daňovníkov. Vysporiadanie daňovej povinnosti daňovníkov z príjmov zo závislej činnosti. Rezidenti SR - daňovníci s neobmedzenozu daňovou povinnosťou. Nerezidenti SR - daňovníci s...

Ausführliche Beschreibung

Gespeichert in:
Bibliographische Detailangaben
1. Verfasser: Brnová, Miroslava
Format: Buchkapitel
Sprache:Slowakisch
Schlagworte:
Tags: Tag hinzufügen
Keine Tags, Fügen Sie das erste Tag hinzu!

MARC

LEADER 00000naa a2200000 4500
001 r044634
005 20231002074518.2
041 0 |a slo 
044 |a SK 
245 1 0 |a Medzinárodné zdanenie príjmov zo závislej činnosti  |c Miroslava Brnová 
520 |a Určenie daňovej rezidencie. Zdaňovanie príjmov zo závislej činnosti. Určenie práva zdanenia príjmov zo závislej činnosti daňovníkov. Vysporiadanie daňovej povinnosti daňovníkov z príjmov zo závislej činnosti. Rezidenti SR - daňovníci s neobmedzenozu daňovou povinnosťou. Nerezidenti SR - daňovníci s obmedzenou daňovou povinnosťou. Príklady. 
610 2 0 |a dane 
610 2 0 |a zdaňovanie 
610 2 0 |a rezidenti 
610 2 0 |a povinnosť daňová 
610 2 0 |a práca v zahraničí 
610 2 0 |a podnik zahraničný 
610 2 0 |a Slovensko 
100 1 |a Brnová, Miroslava